00454nam a2200145Ia 4500008004100000020001500041041000800056082001900064100003400083245010400117250000600221260005200227300001100279650001800290210716s2006 xx 000 0 und d a8120330544 aeng a570.15195 INDA aIndrayan, A;Satyanarayana, L. aBiostatistics: for medical nursing and pharmacy stuents.bFor medical nursing and pharmacy stuents. a1 aNew DelhibPrentice Hall of India PVt Ltdc2006 avi,295 aBiostatistics